| 000 | 00964cam a22002772 4500 | ||
|---|---|---|---|
| 001 | 5734 | ||
| 003 | BD RJUL | ||
| 005 | 20211208234122.0 | ||
| 008 | 07 s1930 mdua b 000 0 eng c | ||
| 035 | _aBD RJUL 5773 | ||
| 040 |
_aJohns Hopkins Univ. Libr. _cCLE _dOCL _dBD RJUL _beng |
||
| 041 | _aeng | ||
| 082 |
_a352.10973 _bWAM 1930 |
||
| 100 | 1 |
_aWalker, Mabel L. _q(Mabel Louise), _d1898- _917996 |
|
| 245 | 1 | 0 |
_aMunicipal expenditures / _cby Mabel L. Walker. |
| 260 |
_aBaltimore : _bThe Johns Hopkins press, _c1930. |
||
| 300 |
_aix, 198 p. : _bill. _c21 cm. |
||
| 500 | _aVita. | ||
| 500 | _aPublished also as Johns Hopkins university studies in historical and political science, Extra volumes, new ser., no. 13. | ||
| 502 | _aThesis (Ph. D.)--Johns Hopkins university, 1930. | ||
| 504 | _aBibliography: p. 183-189. | ||
| 650 | 0 |
_aMunicipal finance _zUnited States. _917997 |
|
| 650 | 0 |
_aBudget. _917998 |
|
| 942 |
_2ddc _cBK |
||
| 999 |
_c5734 _d5734 |
||